LIBRARY & INFORMATION CENTRE, KCAET, TAVANUR

ONLINE PUBLIC ACCESS CATALOGUE (OPAC)

Conjutive water management model for a multi crop irrigation command (Record no. 16391)

MARC details
000 -LEADER
fixed length control field 00479nam a22001457a 4500
003 - CONTROL NUMBER IDENTIFIER
control field OSt
082 ## - DEWEY DECIMAL CLASSIFICATION NUMBER
Classification number 631.587
Item number GIL/C
088 ## - REPORT NUMBER
Report number T 491
100 ## - MAIN ENTRY--AUTHOR NAME
Personal name Gilsha Bai E B
245 ## - TITLE STATEMENT
Title Conjutive water management model for a multi crop irrigation command
260 ## - PUBLICATION, DISTRIBUTION, ETC. (IMPRINT)
Place of publication Tavanur
Name of publisher Dept.of Irrigation and Drainage Engineeering
Year of publication 2020
700 ## - ADDED ENTRY--PERSONAL NAME
Personal name Rema K P (Guide)
856 ## - ELECTRONIC LOCATION AND ACCESS
Uniform Resource Identifier https://drive.google.com/file/d/1JY0sn1mNktpgI7FcVdd0l5RsyrKdsAil/view?usp=sharing
942 ## - ADDED ENTRY ELEMENTS (KOHA)
Koha item type Theses
Holdings
Collection code Home library Current library Shelving location Full call number Accession Number Koha item type Public note
Reference KAUAET KAUAET Reference 631.587 GIL/C T 491 Theses PhD Thesis
free website counter